000 00449nam a2200157 i 4500
001 84248
003 ES-MaACL
005 20230906174959.0
007 t|
008 041122s1969 sp ||||1| spa d
100 1 _aIzquierdo Rubio, JoaquĆ­n.
_965745
245 1 0 _aSangre en la ermita /
_cJ. Izquierdo Rubio.
260 _a[S.l. :
_bs.n.,
_c1969] (
_eZaragoza :
_fEl Noticiero)
300 _a196 p. ;
_c18 cm.
852 _aES-MaACL
_jC-35910
_bR.69402
999 _c84248
_d84248